000 00300nam a22001337a 4500
008 181012b xxu||||| |||| 00| 0 eng d
020 _a9780781743693
041 _aeng
080 _a610
100 _a4
101 _aSHM
245 _aGeneral Internal Medicine Consult
_cKwoh,Ch
942 _2udc
_cBK
999 _c49546
_d49546